| 000 | 00996nam a2200241Ia 4500 | ||
|---|---|---|---|
| 003 | IN-BaIIA | ||
| 008 | 211028s9999 xx 000 0 eng d | ||
| 020 | _a81-224-0415-4 | ||
| 040 | _cIIA Library | ||
| 080 |
_a524.834 _bGRA |
||
| 111 |
_aIndian Association for General Relativity and Gravitation conference _n15th _cIndia _d1989 Nov. 4-7 _918106 |
||
| 245 | 0 |
_aGravitation and cosmology _bproceedings of the XV IAGRG conference held at North Bengal University, India, November 4-7, 1989 _cedited by S. Mukherjee, A. R. Prasanna and Kembhavi, A. K. |
|
| 260 |
_aNew Delhi _bWiley Eastern _c1992 |
||
| 300 | _avi, 200p. | ||
| 650 | _aAstronomy and astrophysics thesaurus | ||
| 650 | _aCosmology | ||
| 650 | _aGravitation | ||
| 700 |
_aKembhavi, A. K., ed. _918107 |
||
| 700 |
_aMukherjee, S., ed. _918108 |
||
| 700 |
_aPrasanna, A. R., ed. _911618 |
||
| 710 |
_aIndian Association for General Relativity and Gravitation _918109 |
||
| 942 | _cBK | ||
| 999 |
_c10617 _d10617 |
||